Statistiques concernant Pays ayant les plus grandes armées

Cliquez ici pour prendre le quiz!

Statistiques générales

  • Ce quiz a été pris 42 677 fois
    (22 955 depuis la dernière actualisation)
  • Le résultat moyen est 14 sur 20

Statistiques - réponses

TroupesPays% Correct
2 035 000Chine
99%
1 359 450Etats-Unis
99%
900 000Russie
97%
1 444 500Inde
91%
1 280 000Corée du Nord
87%
334 500Brésil
86%
247 150Japon
86%
625 000Corée du Sud
77%
277 150Mexique
77%
523 000Iran
73%
653 800Pakistan
68%
355 200Turquie
64%
395 500Indonésie
62%
438 500Égypte
60%
482 000Viêt Nam
51%
227 000Arabie Saoudite
50%
360 850Thaïlande
48%
293 200Colombie
43%
406 000Birmanie
33%
255 000Sri Lanka
10%

Distribution des résultats

Percentile par nombre de réponses

% des personnes avec chaque résultat

Votre développement - résultats

Vous n’avez pas pris ce quiz depuis la dernière actualisation